FC 25 TOTW 5 - Statistics

General Stats
  • This quiz has been taken 6 times
  • The average score is 5 of 23
Answer Stats
rat pos club player % Correct
TOTW 87 ST Man City Women Khadija Shaw
80%
TOTW 91 RW Barça Femení Caroline Graham Hansen
60%
TOTW 86 ST Borussia Dortmund Serhou Guirassy
60%
TOTW 84 CAM VfB Stuttgart Denis Undav
40%
TOTW 84 RB Inter Milan Denzel Dumfries
40%
TOTW 85 CAM Frankfurt Frauen Laura Freigang
40%
TOTW 84 LM Liverpool Dominik Szoboszlai
20%
TOTW 85 CAM Arsenal Leandro Trossard
20%
TOTW 83 CAM Lazio Matteo Guendouzi
20%
TOTW 85 ST Chelsea Women Mayra Ramírez
20%
TOTW 82 CB Freibrug Philipp Lienhart
20%
TOTW 82 GK Al-Ittihad Predrag Rajković
20%
TOTW 84 CB Tottenham Hotspur Radu Drăgușin
20%
TOTW 83 ST Benfica Vangelis Pavlidis
20%
TOTW 80 CAM Columbus Crew Alexandru Mățan
0%
TOTW 84 RW Real Sociedad Femenino Amaiur Sarriegi
0%
TOTW 83 CM Fleury 91 Feminine Faustine Robert
0%
TOTW 80 ST Le Havre Femenine Laurie Cance
0%
TOTW 80 RM Washington Spirit MaKenna Morris
0%
TOTW 80 CB Portland Timbers Miguel Araujo
0%
TOTW 80 RM Bristol City Nahki Wells
0%
TOTW 80 LB Preston North End Robbie Brady
0%
TOTW 81 CM Real Oviedo Santi Carzola
0%
No matching quizzes found
Score Distribution
Percent of People with Each Score
Percentile by Number Answered
Your Score History
You have not taken this quiz